[Event "22nd Hogeschool Zeeland Tournament 2018"]
[Site "Vlissingen"]
[Date "2018.08.11"]
[Round "9.1"]
[White "Ikonnikov, Vyacheslav"]
[Black "Mareco, Sandro"]
[Result "1/2-1/2"]
[WhiteElo "2546"]
[BlackElo "2643"]
[PlyCount "20"]
[EventCountry "NED"]

1. d4 Nf6 2. Nf3 e6 3. c4 d5 4. Nc3 dxc4 5. e3 a6 6. a4 c5 7. Bxc4 Nc6 8. O-O
Be7 9. dxc5 Qxd1 10. Rxd1 Bxc5 1/2-1/2

[Event "22nd Hogeschool Zeeland Tournament 2018"]
[Site "Vlissingen"]
[Date "2018.08.11"]
[Round "9.2"]
[White "Iturrizaga Bonelli, Eduard"]
[Black "Romanishin, Oleg M"]
[Result "1-0"]
[WhiteElo "2640"]
[BlackElo "2441"]
[PlyCount "123"]
[EventCountry "NED"]

1. Nf3 Nf6 2. c4 d6 3. d4 g6 4. Nc3 Bf5 5. Qb3 Qc8 6. h3 Bg7 7. g4 Bd7 8. e4 e5
9. d5 O-O 10. Be3 c6 11. Nd2 Na6 12. Qa3 c5 13. Be2 Nc7 14. b4 b6 15. bxc5 dxc5
16. f4 Nfe8 17. f5 Nd6 18. h4 Re8 19. h5 Qd8 20. hxg6 fxg6 21. Qc1 Nf7 22. Nf3
Rf8 23. Qd2 Ne8 24. Bd3 Ned6 25. Qh2 h6 26. fxg6 Nh8 27. Bxh6 Qf6 28. Bxg7 Qxg7
29. Qh7+ Qxh7 30. gxh7+ Kg7 31. Nxe5 Be8 32. Ke2 Bg6 33. Raf1 Rxf1 34. Rxf1 Re8
35. Nc6 Nhf7 36. Kd2 Bxh7 37. Nxa7 Ne5 38. Nab5 Ndxc4+ 39. Bxc4 Nxc4+ 40. Kd3
Ne5+ 41. Kc2 Nc4 42. Rf4 Re7 43. Kd3 Ne5+ 44. Ke3 Nc4+ 45. Kf2 Bg6 46. Kg3 Be8
47. a4 Bd7 48. Nc7 Bc8 49. N3b5 Bd7 50. Nc3 Bc8 51. N7b5 Bd7 52. Rf2 Re5 53.
Nc7 Re7 54. Rh2 Nd6 55. Re2 Nc4 56. N7b5 Re8 57. Rh2 Re7 58. Rh5 Rf7 59. e5 Rf1
60. e6 Bxb5 61. Nxb5 Rg1+ 62. Kf3 1-0

[Event "22nd Hogeschool Zeeland Tournament 2018"]
[Site "Vlissingen"]
[Date "2018.08.11"]
[Round "9.3"]
[White "Hausrath, Daniel"]
[Black "Zeng, Chongsheng"]
[Result "1/2-1/2"]
[WhiteElo "2502"]
[BlackElo "2539"]
[PlyCount "88"]
[EventCountry "NED"]

1. Nf3 Nf6 2. g3 g6 3. b3 d6 4. d4 Bg7 5. Bb2 O-O 6. Bg2 c6 7. O-O a5 8. c4 d5
9. cxd5 Nxd5 10. Nc3 Nb6 11. Rc1 Bf5 12. h3 Na6 13. e4 Be6 14. Qe2 a4 15. Nxa4
Nxa4 16. bxa4 Bh6 17. Ra1 Qd6 18. Rfd1 Rfd8 19. d5 cxd5 20. exd5 Bxd5 21. Ng5
Nb4 22. a3 Bxg5 23. axb4 e6 24. Qg4 Be7 25. Bxd5 exd5 26. Qd4 f6 27. b5 Kf7 28.
Qe3 Qd7 29. h4 Rac8 30. Bd4 Rc4 31. Qf3 Ra8 32. Bb2 Raxa4 33. Rxa4 Rxa4 34.
Rxd5 Qe6 35. Re5 Qc4 36. h5 Ra2 37. Bc3 Rc2 38. hxg6+ hxg6 39. Rxe7+ Kxe7 40.
Qxf6+ Kd7 41. Qg7+ Kc8 42. Qf8+ Kd7 43. Qg7+ Kc8 44. Qf8+ Kd7 1/2-1/2

[Event "22nd Hogeschool Zeeland Tournament 2018"]
[Site "Vlissingen"]
[Date "2018.08.11"]
[Round "9.5"]
[White "Miciano, John Marvin"]
[Black "Van Foreest, Jorden"]
[Result "1/2-1/2"]
[WhiteElo "2381"]
[BlackElo "2636"]
[PlyCount "114"]
[EventCountry "NED"]

1. g3 e5 2. Bg2 d5 3. d3 Nc6 4. Nf3 g6 5. O-O Bg7 6. c4 Nge7 7. cxd5 Nxd5 8.
Nc3 Nde7 9. Rb1 a5 10. a3 O-O 11. b4 axb4 12. axb4 Nd4 13. Nd2 c6 14. e3 Ne6
15. Nc4 Nd5 16. Bd2 Nec7 17. Nxd5 cxd5 18. Nb6 Ra2 19. Nxc8 Qxc8 20. Bc1 Qd7
21. Qb3 Raa8 22. Bb2 Rfd8 23. Rbc1 Ne6 24. Ra1 Rxa1 25. Rxa1 d4 26. exd4 Nxd4
27. Bxd4 Qxd4 28. Rc1 Rd7 29. Be4 Bf8 30. Rc4 Qa1+ 31. Kg2 Kg7 32. Bf3 b5 33.
Qc3 Qxc3 34. Rxc3 Rd8 35. Rb3 Rd6 36. Rc3 Rd8 37. Ra3 Rd6 38. Rc3 Rb6 39. Rc6
Rb8 40. Rc7 Bxb4 41. Bd5 Rf8 42. Rb7 Bc3 43. Rxb5 Rd8 44. g4 Rd7 45. Kg3 h6 46.
f4 exf4+ 47. Kxf4 Re7 48. Be4 Ra7 49. h4 Bf6 50. Kg3 Ra1 51. h5 Rg1+ 52. Kf3
gxh5 53. Rxh5 Bg5 54. Rh2 Kf6 55. Rg2 Rh1 56. Rb2 Re1 57. Re2 Rxe2 1/2-1/2

[Event "22nd Hogeschool Zeeland Tournament 2018"]
[Site "Vlissingen"]
[Date "2018.08.11"]
[Round "9.6"]
[White "Chanda, Sandipan"]
[Black "Grooten, Herman"]
[Result "1-0"]
[WhiteElo "2553"]
[BlackElo "2374"]
[PlyCount "81"]
[EventCountry "NED"]

1. d4 Nf6 2. c4 e6 3. Nc3 Bb4 4. e3 c5 5. Nge2 d6 6. a3 Ba5 7. g3 Bd7 8. Bg2
Bc6 9. d5 exd5 10. cxd5 Bb5 11. b4 Bxe2 12. Qxe2 cxb4 13. axb4 Bb6 14. Na4 Bc7
15. Qb5+ Nbd7 16. Qxb7 O-O 17. O-O Rb8 18. Qxa7 Ra8 19. Qd4 Nb6 20. Nxb6 Rxa1
21. Qxa1 Bxb6 22. Bb2 Re8 23. h3 Qe7 24. Rc1 h5 25. Bd4 Rb8 26. Rc6 Bxd4 27.
Qxd4 Qe5 28. Qxe5 dxe5 29. d6 Rxb4 30. Rc8+ Kh7 31. Bc6 Rb1+ 32. Kg2 Rd1 33. d7
Nxd7 34. Rd8 Rd6 35. Ba4 f5 36. Rxd7 Ra6 37. Bc2 e4 38. Rd5 g6 39. g4 hxg4 40.
hxg4 Ra2 41. Rc5 1-0

[Event "22nd Hogeschool Zeeland Tournament 2018"]
[Site "Vlissingen"]
[Date "2018.08.11"]
[Round "9.9"]
[White "Vrolijk, Liam"]
[Black "Grochal, Joey"]
[Result "1-0"]
[WhiteElo "2430"]
[BlackElo "2300"]
[PlyCount "96"]
[EventCountry "NED"]

1. Nf3 Nf6 2. c4 e6 3. g3 b6 4. Bg2 Bb7 5. O-O Be7 6. Nc3 O-O 7. Re1 d6 8. e4
e5 9. d4 Nbd7 10. b3 Ne8 11. Bb2 c6 12. Qd2 Qc7 13. Ba3 Rd8 14. dxe5 Nxe5 15.
Nd4 Bf6 16. Rad1 c5 17. Nf5 g6 18. Ne3 Bg7 19. Bb2 Qb8 20. f4 Nc6 21. Nb5 a6
22. Bxg7 Nxg7 23. Nc3 Nd4 24. f5 f6 25. fxg6 hxg6 26. Rf1 Rde8 27. Ned5 Bxd5
28. Nxd5 Qd8 29. Qh6 f5 30. Nf4 fxe4 31. Nxg6 Rxf1+ 32. Rxf1 Ndf5 33. Qh8+ Kf7
34. Qh7 Qg5 35. Bh3 Kf6 36. Bxf5 Nxf5 37. Nh4 Re5 38. Nxf5 Rxf5 39. Qh8+ Kf7
40. Qh7+ Ke6 41. Qxf5+ Qxf5 42. Rxf5 Kxf5 43. Kf2 b5 44. Ke3 b4 45. h4 a5 46.
g4+ Ke5 47. h5 d5 48. cxd5 Kxd5 1-0

[Event "22nd Hogeschool Zeeland Tournament 2018"]
[Site "Vlissingen"]
[Date "2018.08.11"]
[Round "9.11"]
[White "Warmerdam, Max"]
[Black "Wagenvoorde, Guido"]
[Result "1-0"]
[WhiteElo "2421"]
[BlackElo "2035"]
[PlyCount "59"]
[EventCountry "NED"]

1. d4 Nf6 2. c4 g6 3. g3 Bg7 4. Bg2 O-O 5. Nc3 d6 6. Nf3 a6 7. O-O Nc6 8. b3
Rb8 9. d5 Na5 10. Bg5 c5 11. dxc6 Nxc6 12. Rc1 Bd7 13. Qd2 b5 14. cxb5 axb5 15.
Rfd1 b4 16. Bxf6 Bxf6 17. Nd5 Bg7 18. Rc4 Re8 19. Rdc1 Qa5 20. Rxc6 Bxc6 21.
Rxc6 e6 22. Ng5 h6 23. Nxf7 Kxf7 24. Rc7+ Kg8 25. Ne7+ Kh7 26. Qc2 Qg5 27. Nxg6
d5 28. Nf4+ Kh8 29. Bh3 Rf8 30. Ng6+ 1-0

[Event "22nd Hogeschool Zeeland Tournament 2018"]
[Site "Vlissingen"]
[Date "2018.08.11"]
[Round "9.12"]
[White "Rajesh, V.A.V."]
[Black "Van Delft, Merijn"]
[Result "1/2-1/2"]
[WhiteElo "2325"]
[BlackElo "2395"]
[PlyCount "89"]
[EventCountry "NED"]

1. d4 d5 2. c4 c6 3. Nf3 Nf6 4. e3 Bf5 5. Nc3 e6 6. Be2 h6 7. Bd3 Bxd3 8. Qxd3
Be7 9. O-O O-O 10. b3 Nbd7 11. Bb2 Re8 12. Rfe1 a6 13. e4 dxe4 14. Nxe4 Nxe4
15. Qxe4 Nf6 16. Qe2 Qa5 17. Ne5 Rad8 18. a3 Nd7 19. b4 Qc7 20. Ng4 Nf6 21. Ne5
Nd7 22. Ng4 Nf6 23. Ne3 a5 24. bxa5 Qxa5 25. Qc2 Rd7 26. Bc3 Qa6 27. a4 Red8
28. h3 c5 29. d5 exd5 30. cxd5 Bf8 31. Bxf6 Qxf6 32. Rab1 h5 33. Rb5 g6 34.
Reb1 Qe7 35. Rd1 Qg5 36. Qb3 Qe7 37. Qc2 Qg5 38. Qc4 Re8 39. Qb3 Bd6 40. a5
Rde7 41. Rxb7 Rxb7 42. Qxb7 Rxe3 43. fxe3 Qxe3+ 44. Kf1 Qf4+ 45. Kg1 1/2-1/2

[Event "22nd Hogeschool Zeeland Tournament 2018"]
[Site "Vlissingen"]
[Date "2018.08.11"]
[Round "9.13"]
[White "Frayna, Janelle Mae"]
[Black "Schoppen, Casper"]
[Result "0-1"]
[WhiteElo "2278"]
[BlackElo "2394"]
[PlyCount "146"]
[EventCountry "NED"]

1. d4 Nf6 2. c4 e6 3. g3 d5 4. Nf3 Be7 5. Bg2 O-O 6. O-O c6 7. Qc2 Nbd7 8. Nbd2
b6 9. e4 Bb7 10. e5 Ne8 11. cxd5 cxd5 12. Re1 Rc8 13. Qd3 Qc7 14. Nf1 Qc2 15.
Qxc2 Rxc2 16. Ne3 Rc8 17. Bd2 Nc7 18. Rac1 Nb8 19. Nc2 a5 20. Bg5 Bxg5 21. Nxg5
Ba6 22. f4 Nc6 23. Red1 Be2 24. Rd2 Bh5 25. g4 Bg6 26. Ne3 Ne7 27. Rf1 f5 28.
Nxe6 Nxe6 29. Nxd5 Nxd5 30. Bxd5 Kf7 31. Bb3 Rfd8 32. d5 Ke7 33. d6+ Kf7 34.
Bc2 Rxc2 35. Rxc2 Nc5 36. Rc4 Ke6 37. b4 axb4 38. Rxb4 Nd7 39. h3 Rc8 40. a4 h5
41. g5 h4 42. Rf2 Rc3 43. Kg2 Bh5 44. Rd4 Rc1 45. Rf1 Rc2+ 46. Rf2 Rc3 47. Rdd2
Ra3 48. Rd4 Rc3 49. Rdd2 Nc5 50. Rc2 Ra3 51. Ra2 Bf3+ 52. Kh2 Re3 53. a5 bxa5
54. Rxa5 Nd7 55. Raa2 Be4 56. Rae2 Rc3 57. Re1 Nc5 58. Ref1 Bc6 59. Rd1 Nd7 60.
Rdf1 Ra3 61. Rc1 Be4 62. Rd1 Nf8 63. Rfd2 Kd7 64. Re1 g6 65. Rc1 Ne6 66. Rf1
Ra4 67. Rc1 Ba8 68. Rb2 Rxf4 69. Ra2 Be4 70. Ra7+ Kd8 71. Re7 Nxg5 72. Rc2 Bxc2
73. e6 Rf2+ 0-1

[Event "22nd Hogeschool Zeeland Tournament 2018"]
[Site "Vlissingen"]
[Date "2018.08.11"]
[Round "9.14"]
[White "Vedder, Richard"]
[Black "Timmermans, Mark"]
[Result "0-1"]
[WhiteElo "2284"]
[BlackElo "2383"]
[PlyCount "108"]
[EventCountry "NED"]

1. d4 Nf6 2. c4 e6 3. Nc3 Bb4 4. a3 Bxc3+ 5. bxc3 d6 6. e3 O-O 7. Bd3 c5 8. Nf3
Nc6 9. O-O b6 10. d5 Ne7 11. e4 e5 12. Bg5 Ng6 13. Nh4 h6 14. Nxg6 fxg6 15. Bd2
Nh5 16. g3 Bh3 17. Re1 Qd7 18. Bf1 Rf7 19. Bg2 Raf8 20. Rf1 Nf6 21. Qc2 Nh5 22.
Qd1 Bxg2 23. Kxg2 Rf3 24. a4 Qg4 25. Qc2 g5 26. Rae1 Nf6 27. h3 Qh5 28. Be3 g4
29. h4 Qg6 30. Bc1 Nh5 31. Be3 Nf6 32. Bc1 Nh5 33. Be3 Qf6 34. Qe2 Nf4+ 35.
Bxf4 exf4 36. e5 dxe5 37. Qxe5 Qxe5 38. Rxe5 fxg3 39. Re3 Rxf2+ 40. Rxf2 gxf2
41. Kf1 h5 42. d6 Rd8 43. Rd3 Kf7 44. Kxf2 Ke6 45. Rd5 g6 46. Rg5 Rg8 47. Rd5
Kd7 48. a5 Rf8+ 49. Ke3 Rf6 50. axb6 axb6 51. Ke4 Rxd6 52. Rg5 Re6+ 53. Kd5 Rf6
54. Ke4 Ke7 0-1

[Event "22nd Hogeschool Zeeland Tournament 2018"]
[Site "Vlissingen"]
[Date "2018.08.11"]
[Round "9.15"]
[White "Ravi, Teja S"]
[Black "Stillger, Bernhard"]
[Result "1/2-1/2"]
[WhiteElo "2374"]
[BlackElo "2271"]
[PlyCount "89"]
[EventCountry "NED"]

1. d4 Nf6 2. Nf3 e6 3. e3 c5 4. Bd3 d5 5. O-O c4 6. Be2 b5 7. b3 Bb7 8. a4 a6
9. c3 Nbd7 10. Qc2 Bc6 11. Qd1 Be7 12. Ba3 O-O 13. Qc1 Ne4 14. Nbd2 Nd6 15. Qb2
Qc7 16. Bb4 Rfb8 17. axb5 axb5 18. Rxa8 Rxa8 19. Ra1 f6 20. Rxa8+ Bxa8 21. Qa3
Bc6 22. Ne1 Bf8 23. Nc2 Kf7 24. h3 Qb8 25. Bh5+ g6 26. Bf3 Qc7 27. Qa6 Nb8 28.
Qa3 Nd7 29. g3 Kg7 30. h4 Kf7 31. Be2 Qb8 32. Bf1 Qc7 33. Bg2 Kg7 34. Qa6 Nb8
35. Qa2 Nd7 36. Qa3 Kf7 37. Bh3 Qb8 38. Qa6 Qa8 39. Qa3 Qxa3 40. Nxa3 f5 41.
Bg2 Ne4 42. Bxe4 fxe4 43. Bxf8 Kxf8 44. f3 exf3 45. b4 1/2-1/2

[Event "22nd Hogeschool Zeeland Tournament 2018"]
[Site "Vlissingen"]
[Date "2018.08.11"]
[Round "9.16"]
[White "Mehar, Chinna Reddy C.H"]
[Black "Muetsch, Annmarie"]
[Result "1/2-1/2"]
[WhiteElo "2345"]
[BlackElo "2239"]
[PlyCount "66"]
[EventCountry "NED"]

1. d4 Nf6 2. Nf3 e6 3. e3 b6 4. Bd3 Bb7 5. c4 Bb4+ 6. Nc3 Bxc3+ 7. bxc3 c5 8.
O-O O-O 9. a4 d6 10. a5 Nc6 11. a6 Bc8 12. e4 e5 13. d5 Na5 14. Bg5 h6 15. Bh4
Bxa6 16. Nd2 g5 17. Bg3 Bc8 18. h3 Kh8 19. Re1 Nh7 20. Nf1 f5 21. exf5 Bxf5 22.
Bxf5 Rxf5 23. Ne3 Rf7 24. Qh5 Qf8 25. Ra4 Nf6 26. Qg6 Nd7 27. h4 Rf6 28. Qc2
Kg7 29. Ng4 Rf5 30. h5 Qf7 31. Ne3 Rf6 32. Ng4 Rf5 33. Ne3 Rf6 1/2-1/2

[Event "22nd Hogeschool Zeeland Tournament 2018"]
[Site "Vlissingen"]
[Date "2018.08.11"]
[Round "9.18"]
[White "IJzermans, Cees"]
[Black "Rijnaarts, Sjef"]
[Result "0-1"]
[WhiteElo "2142"]
[BlackElo "2339"]
[PlyCount "90"]
[EventCountry "NED"]

1. d4 d5 2. c4 c6 3. Nf3 Nf6 4. e3 Bg4 5. h3 Bh5 6. Nc3 e6 7. g4 Bg6 8. Ne5
Nbd7 9. Nxg6 hxg6 10. Qb3 Qb6 11. Qc2 dxc4 12. Bxc4 O-O-O 13. g5 Nd5 14. e4 Nb4
15. Qe2 Qxd4 16. Kf1 Nb6 17. Bb3 Qd3 18. Be3 Qxe2+ 19. Kxe2 Nd3 20. Rad1 Nxb2
21. Rxd8+ Kxd8 22. Rb1 Bb4 23. Nb5 cxb5 24. Rxb2 Ba5 25. a4 Bc3 26. Rb1 b4 27.
a5 Nc8 28. Rd1+ Kc7 29. Bf4+ e5 30. Be3 f6 31. Be6 Rd8 32. Rxd8 Kxd8 33. Kd3
fxg5 34. Bxg5+ Kc7 35. Be3 b6 36. Bxc8 Kxc8 37. axb6 a5 38. Kc4 Kb7 39. f4 exf4
40. Bxf4 Kxb6 41. Bd6 Kc6 42. Be7 Kd7 43. Bc5 Ke6 44. Bb6 a4 45. Bc7 Be5 0-1

[Event "22nd Hogeschool Zeeland Tournament 2018"]
[Site "Vlissingen"]
[Date "2018.08.11"]
[Round "9.21"]
[White "Van der Lende, Ilias"]
[Black "Hesse, Henrik"]
[Result "1-0"]
[WhiteElo "2347"]
[BlackElo "2137"]
[PlyCount "93"]
[EventCountry "NED"]

1. e4 e5 2. Nf3 Nf6 3. Nxe5 d6 4. Nf3 Nxe4 5. d4 d5 6. Bd3 Nc6 7. O-O Be7 8.
Re1 Bf5 9. Nc3 Nxc3 10. bxc3 Bxd3 11. Qxd3 O-O 12. Rb1 b6 13. c4 dxc4 14. Qe4
Bb4 15. Qxc6 Bxe1 16. Nxe1 Qxd4 17. Bb2 Qd6 18. Qxc4 Rfe8 19. Nf3 c5 20. h4 Qe6
21. Qc3 f6 22. a4 Rad8 23. a5 Qe2 24. axb6 Rd1+ 25. Rxd1 Qxd1+ 26. Kh2 Qd6+ 27.
g3 axb6 28. Bc1 Qd5 29. Kg2 Re5 30. Bf4 Rh5 31. Qe1 Kf7 32. g4 Rxh4 33. Kg3 g5
34. Nxh4 gxf4+ 35. Kxf4 Qg5+ 36. Kg3 h5 37. f3 hxg4 38. fxg4 Qd5 39. Nf5 Qd7
40. Qe3 Qc7+ 41. Qf4 Qa7 42. Qc4+ Kf8 43. Qe6 Qc7+ 44. Qd6+ Qxd6+ 45. Nxd6 Kg7
46. Kf4 Kg6 47. c4 1-0

[Event "22nd Hogeschool Zeeland Tournament 2018"]
[Site "Vlissingen"]
[Date "2018.08.11"]
[Round "9.22"]
[White "Boelhouwer, Collin"]
[Black "Ree, Hans"]
[Result "1/2-1/2"]
[WhiteElo "2128"]
[BlackElo "2303"]
[PlyCount "81"]
[EventCountry "NED"]

1. e4 d5 2. exd5 Nf6 3. d4 Bg4 4. Be2 Bxe2 5. Qxe2 Qxd5 6. Nf3 e6 7. O-O Nc6 8.
Rd1 O-O-O 9. c4 Qf5 10. Nc3 Rg8 11. Be3 Be7 12. a3 g5 13. b4 g4 14. Ne1 Ne4 15.
Qc2 Nxc3 16. Qxc3 Bf6 17. b5 Ne7 18. a4 Qe4 19. a5 Nf5 20. Qc2 Qxc2 21. Nxc2 g3
22. Ra3 gxh2+ 23. Kxh2 Rg4 24. a6 b6 25. Rad3 Rdg8 26. g3 h5 27. Bf4 Be7 28.
Ne3 Nxe3 29. Rxe3 Bd6 30. Bxd6 cxd6 31. c5 dxc5 32. dxc5 bxc5 33. Re5 R4g5 34.
Rxg5 Rxg5 35. b6 axb6 36. Rd8+ Kxd8 37. a7 Rf5 38. a8=Q+ Kc7 39. f3 c4 40. Qa3
b5 41. f4 1/2-1/2

[Event "22nd Hogeschool Zeeland Tournament 2018"]
[Site "Vlissingen"]
[Date "2018.08.11"]
[Round "9.25"]
[White "Nachbar, Benjamin"]
[Black "Peek, Marcel"]
[Result "0-1"]
[WhiteElo "2123"]
[BlackElo "2290"]
[PlyCount "78"]
[EventCountry "NED"]

1. c4 e5 2. Nc3 Bb4 3. Qc2 Nc6 4. e3 Nf6 5. b3 Bxc3 6. Qxc3 Qe7 7. Bb2 d5 8.
cxd5 Nxd5 9. Qc2 Ndb4 10. Qb1 Qc5 11. Bc3 a5 12. a3 Nd5 13. Bb2 O-O 14. Nf3 Qd6
15. Bb5 Nde7 16. d4 exd4 17. Nxd4 Nxd4 18. Bxd4 Qd5 19. Bd3 Bf5 20. Ke2 Rfd8
21. Rd1 Bxd3+ 22. Qxd3 Qh5+ 23. g4 Qxg4+ 24. Kd2 c5 25. Rg1 Qh4 26. Rxg7+ Kf8
27. Ke2 Qh5+ 28. Kf1 Qh3+ 29. Ke2 Qh5+ 30. Kf1 cxd4 31. Rxh7 Qg6 32. Rh8+ Kg7
33. Qxg6+ Kxg6 34. Rxd8 Rxd8 35. Rd1 Nc6 36. Ke2 Kf5 37. f3 Rh8 38. exd4 Kf4
39. Kd3 Nxd4 0-1

[Event "22nd Hogeschool Zeeland Tournament 2018"]
[Site "Vlissingen"]
[Date "2018.08.11"]
[Round "9.26"]
[White "Boulahfa, Hicham"]
[Black "Bluhm, Sonja Maria"]
[Result "1/2-1/2"]
[WhiteElo "2074"]
[BlackElo "2279"]
[PlyCount "82"]
[EventCountry "NED"]

1. e4 c5 2. Nc3 Nc6 3. Nge2 Nf6 4. d4 cxd4 5. Nxd4 e6 6. Nxc6 bxc6 7. Bd3 d5 8.
O-O Be7 9. Re1 d4 10. Ne2 e5 11. c3 c5 12. f4 Bd6 13. cxd4 cxd4 14. fxe5 Bxe5
15. Bf4 Bxf4 16. Nxf4 O-O 17. e5 Ng4 18. Qf3 Rb8 19. e6 Ne3 20. exf7+ Rxf7 21.
Bxh7+ Kxh7 22. Qh5+ Kg8 23. Ng6 Rf8 24. Qh8+ Kf7 25. Nxf8 Ba6 26. Rac1 Rc8 27.
Rxc8 Qxc8 28. Qh4 Kxf8 29. Qxd4 Nf5 30. Qxa7 Kg8 31. Qb6 Bc4 32. Rc1 Qe6 33. b3
Bd5 34. Qf2 Qg6 35. Rc3 Be4 36. Rc4 Qg4 37. h3 Qd1+ 38. Kh2 Qd6+ 39. Kg1 Qd1+
40. Kh2 Qd6+ 41. Kg1 Qd1+ 1/2-1/2

[Event "22nd Hogeschool Zeeland Tournament 2018"]
[Site "Vlissingen"]
[Date "2018.08.11"]
[Round "9.27"]
[White "Ojas Kulkarni"]
[Black "Schouten, Jordy"]
[Result "0-1"]
[WhiteElo "2256"]
[BlackElo "2073"]
[PlyCount "48"]
[EventCountry "NED"]

1. Nf3 d5 2. b3 Nf6 3. Bb2 c5 4. e3 e6 5. Bb5+ Bd7 6. Be2 Nc6 7. O-O Bd6 8. c4
O-O 9. cxd5 Nxd5 10. Nc3 Nxc3 11. Bxc3 e5 12. Qc2 f5 13. Bc4+ Kh8 14. Qd3 Bc7
15. Ng5 Qe7 16. Qd5 Nd8 17. f4 e4 18. d4 Bc6 19. Qxc5 Bd6 20. Qa5 b6 21. Qa6 h6
22. Nh3 Bb7 23. Qa4 a6 24. Be2 Bc6 0-1

[Event "22nd Hogeschool Zeeland Tournament 2018"]
[Site "Vlissingen"]
[Date "2018.08.11"]
[Round "9.28"]
[White "Gorny, Michael"]
[Black "Afek, Yochanan"]
[Result "0-1"]
[WhiteElo "2062"]
[BlackElo "2248"]
[PlyCount "58"]
[EventCountry "NED"]

1. d4 Nf6 2. c4 g6 3. Nc3 Bg7 4. e4 O-O 5. Nf3 c5 6. d5 e5 7. Be2 d6 8. O-O Nh5
9. g3 Na6 10. a3 Nc7 11. Ng5 h6 12. Nf3 Kh7 13. Nh4 Nf4 14. Bf3 a6 15. b4 b6
16. Rb1 f5 17. Kh1 Nh3 18. Bg2 f4 19. f3 Bf6 20. Qe1 fxg3 21. hxg3 Nf4 22. Be3
Nd3 23. Qd2 Bxh4 24. Bxh6 Bxg3 25. Bg5 Qd7 26. Qxd3 Kg8 27. Kg1 Qh7 28. Rf2
Qh2+ 29. Kf1 Bh3 0-1

[Event "22nd Hogeschool Zeeland Tournament 2018"]
[Site "Vlissingen"]
[Date "2018.08.11"]
[Round "9.29"]
[White "Van Baar, Esper"]
[Black "Du, Yuxin"]
[Result "1-0"]
[WhiteElo "2241"]
[BlackElo "2064"]
[PlyCount "83"]
[EventCountry "NED"]

1. e4 c6 2. d4 d5 3. e5 Bf5 4. Nf3 e6 5. Be2 c5 6. O-O Nc6 7. c3 cxd4 8. cxd4
Bg4 9. Nbd2 Qb6 10. h3 Bxf3 11. Nxf3 Nge7 12. Bd3 Ng6 13. g3 Be7 14. Re1 O-O
15. h4 Rfc8 16. h5 Nf8 17. Be3 Qxb2 18. Rb1 Qxa2 19. Rxb7 Rab8 20. Re2 Qa3 21.
Reb2 Rxb7 22. Rxb7 Nd8 23. Rb3 Qa2 24. h6 g6 25. Bg5 Bxg5 26. Nxg5 Rc1 27. Qxc1
Qxb3 28. Ba6 Qb8 29. Kg2 Nd7 30. Bc8 Nxe5 31. dxe5 Qxe5 32. Nf3 Qf6 33. Qc7 e5
34. Nxe5 Ne6 35. Qd7 Nf8 36. Qxd5 g5 37. Nf3 Qxh6 38. Nxg5 Qg6 39. Bb7 h6 40.
Nf3 Ne6 41. Qe5 a5 42. Be4 1-0

[Event "22nd Hogeschool Zeeland Tournament 2018"]
[Site "Vlissingen"]
[Date "2018.08.11"]
[Round "9.30"]
[White "De Waele, Warre"]
[Black "Hoffman, Ron"]
[Result "1-0"]
[WhiteElo "2237"]
[BlackElo "2041"]
[PlyCount "75"]
[EventCountry "NED"]

1. d4 Nf6 2. Nf3 g6 3. c4 Bg7 4. g3 O-O 5. Bg2 d6 6. Nc3 Nc6 7. O-O Bg4 8. d5
Bxf3 9. exf3 Ne5 10. b3 Rb8 11. f4 Ned7 12. Rb1 e5 13. dxe6 fxe6 14. Re1 Re8
15. Bb2 a6 16. Bh3 Nf8 17. Ne2 c5 18. Qc2 Qc7 19. Nc3 b5 20. cxb5 axb5 21. a4
bxa4 22. bxa4 Rb4 23. Nb5 Qc6 24. Rbd1 d5 25. Bc3 Rc4 26. Qb3 Rc8 27. Ra1 Rb8
28. Ra2 Ne4 29. Bxg7 Kxg7 30. Qe3 Ra8 31. Rea1 Qb6 32. f3 Nf6 33. Qe5 Rb4 34.
Nc7 Rb1+ 35. Kg2 Rb8 36. Rxb1 Qxb1 37. Re2 Rb6 38. Ne8+ 1-0

[Event "22nd Hogeschool Zeeland Tournament 2018"]
[Site "Vlissingen"]
[Date "2018.08.11"]
[Round "9.31"]
[White "Verwoert, Jef"]
[Black "Sparenberg, Erik"]
[Result "1/2-1/2"]
[WhiteElo "2040"]
[BlackElo "2173"]
[PlyCount "62"]
[EventCountry "NED"]

1. c4 c6 2. g3 d5 3. Bg2 Nf6 4. Nf3 Nbd7 5. O-O dxc4 6. Na3 Nb6 7. Qc2 Qd5 8.
Ne1 Qd6 9. Nxc4 Nxc4 10. Qxc4 Be6 11. Qc2 Rd8 12. d3 g6 13. Bf4 Qd7 14. Nf3 Bg7
15. Ng5 O-O 16. Nxe6 Qxe6 17. Be3 Ra8 18. Bd4 Rfd8 19. Bc3 Rd7 20. a4 Qd6 21.
Rab1 e5 22. b4 Nd5 23. Bd2 a6 24. Rfc1 Nc7 25. Bh3 Ne6 26. Be3 Rdd8 27. Bc5 Qd5
28. Bg2 Qd7 29. Bh3 f5 30. Qc4 Qd5 31. Bg2 Qxc4 1/2-1/2

[Event "22nd Hogeschool Zeeland Tournament 2018"]
[Site "Vlissingen"]
[Date "2018.08.11"]
[Round "9.32"]
[White "Reichardt, Gert"]
[Black "Elgersma, Onno"]
[Result "0-1"]
[WhiteElo "1977"]
[BlackElo "2171"]
[PlyCount "54"]
[EventCountry "NED"]

1. e4 e6 2. d4 d5 3. exd5 exd5 4. Nf3 Nf6 5. Bd3 Bd6 6. Bg5 O-O 7. O-O c5 8. c3
Nc6 9. dxc5 Bxc5 10. Nbd2 Bg4 11. Qc2 h6 12. Bh4 Qd6 13. Rae1 Rfe8 14. Bf5 Bxf5
15. Qxf5 Ne7 16. Qd3 Rad8 17. Nb3 Bb6 18. Nbd4 Ne4 19. Nd2 Bxd4 20. cxd4 g5 21.
Bg3 Qg6 22. Nxe4 dxe4 23. Qxe4 Qxe4 24. Rxe4 f5 25. Re6 f4 26. Rd1 Kf7 27. Rxh6
Nf5 0-1

[Event "22nd Hogeschool Zeeland Tournament 2018"]
[Site "Vlissingen"]
[Date "2018.08.11"]
[Round "9.33"]
[White "Stange, Sven"]
[Black "Bekedam, Tyro"]
[Result "1/2-1/2"]
[WhiteElo "2161"]
[BlackElo "2019"]
[PlyCount "80"]
[EventCountry "NED"]

1. d4 Nf6 2. c4 e6 3. Nc3 Bb4 4. Qc2 c5 5. dxc5 Bxc5 6. Nf3 Qb6 7. e3 Qc7 8.
Be2 Nc6 9. O-O b6 10. a3 Bb7 11. Rd1 O-O 12. b3 a6 13. Bb2 Be7 14. Rac1 Ng4 15.
h3 Nge5 16. Nd5 exd5 17. cxd5 Nxf3+ 18. Bxf3 Rac8 19. dxc6 dxc6 20. Qe4 Rfd8
21. Be5 Bd6 22. Bxd6 Rxd6 23. Rxd6 Qxd6 24. b4 g6 25. Rd1 Qc7 26. a4 Rb8 27.
Qg4 Rd8 28. Rxd8+ Qxd8 29. Qd4 Qxd4 30. exd4 b5 31. a5 Kf8 32. h4 Ke7 33. Kf1
Kd6 34. Ke2 Bc8 35. Ke3 h6 36. Be4 f5 37. Bd3 g5 38. g3 Be6 39. f4 g4 40. Be2
h5 1/2-1/2

[Event "22nd Hogeschool Zeeland Tournament 2018"]
[Site "Vlissingen"]
[Date "2018.08.11"]
[Round "9.35"]
[White "De Boer, Robert"]
[Black "Lammens, Tim"]
[Result "1/2-1/2"]
[WhiteElo "1979"]
[BlackElo "2293"]
[PlyCount "107"]
[EventCountry "NED"]

1. e4 c5 2. c3 d5 3. exd5 Qxd5 4. d4 g6 5. Nf3 Bg7 6. Be2 Nf6 7. O-O cxd4 8.
Nxd4 O-O 9. Na3 e5 10. Ndb5 Nc6 11. Be3 Rd8 12. Bc4 Qd7 13. Qxd7 Rxd7 14. Rad1
Bf8 15. Rxd7 Bxd7 16. Rd1 e4 17. Bg5 Bg4 18. Rd2 Nd7 19. h3 Bf5 20. Nd6 Nde5
21. Nxf5 gxf5 22. Bb3 Nd3 23. Nc4 Kg7 24. Bc2 Kg6 25. Bxd3 Kxg5 26. Be2 Rd8 27.
Rxd8 Nxd8 28. Ne5 Bd6 29. Nc4 Be7 30. a4 Ne6 31. Ne3 f4 32. Nd5 Bd6 33. b4 Kf5
34. a5 Ke5 35. Bc4 h5 36. h4 Ng7 37. g3 f3 38. Ne3 f5 39. Bf7 Kf6 40. Bd5 b6
41. Nc4 Bc7 42. axb6 axb6 43. Kf1 Ke7 44. Ne3 Be5 45. c4 Bd6 46. Nc2 Kf6 47. c5
bxc5 48. b5 Ke5 49. Ne3 Ne6 50. b6 f4 51. gxf4+ Nxf4 52. Bf7 Kf6 53. Be8 Ng6
54. Bc6 1/2-1/2

[Event "22nd Hogeschool Zeeland Tournament 2018"]
[Site "Vlissingen"]
[Date "2018.08.11"]
[Round "9.36"]
[White "Van Dommelen, Martin"]
[Black "Mensing, Andrew"]
[Result "1-0"]
[WhiteElo "2192"]
[BlackElo "1964"]
[PlyCount "47"]
[EventCountry "NED"]

1. e4 c5 2. Nf3 e6 3. c3 d5 4. exd5 Qxd5 5. d4 Nc6 6. Be2 Nf6 7. O-O Be7 8. c4
Qd7 9. Be3 cxd4 10. Nxd4 e5 11. Nb5 O-O 12. N1c3 Rd8 13. Qxd7 Bxd7 14. Rfd1 Be6
15. Nc7 Rac8 16. Nxe6 fxe6 17. Nb5 a6 18. Na7 Nxa7 19. Bxa7 Nd7 20. Be3 Nc5 21.
Kf1 Na4 22. b3 Nc3 23. Rdc1 Bb4 24. Bg4 1-0